| 000 | 00390nam a2200169Ia 4500 | ||
|---|---|---|---|
| 100 | _aSchneider/ Gary P | ||
| 650 | _aE commerce | ||
| 942 | _cBK | ||
| 366 | _f25 | ||
| 654 | _ae commerce | ||
| 245 | _aE commerce: Strategy technology and implementation | ||
| 260 |
_bCengage Learning _c2007 |
||
| 082 |
_a384.31 _bSCH |
||
| 300 | _a455 | ||
| 546 |
_aENGLISH _cPAMPHALETS |
||
| 999 |
_c22955 _d22955 |
||